000 00416nam a2200181Ia 4500
001 14183
005 20260306164855.0
008 260306t2001||||xx |||||||||||||| ||spa||
041 _aESP
082 _a510
_bM43
100 _aMere Heredia, Víctor
_eAUT
245 0 _aMatemática lúdica
260 _c2001
300 _a189 páginas :
_c20 cm.
650 _aGEN
654 _aCMA
942 _cLIB
_dJUS
_fJUS
_2ddc
_n
999 _c14183
_d14183